Adventures in reading : Intermediate

This Teacher's Edition to Adventures in Reading - Intermediate includes Vocabulary Cloze activities and Chapter Quizzes for each chapter. It also includes a complete answer key to the exercises found in the Adventures in Reading-Intermediate Student Book.

Na minha lista:
Detalhes bibliográficos
Autor principal: Billings, Henry
Formato: Livro
Idioma:Undetermined
Publicado em: Singapore McGraw-Hill 2005
Assuntos:
Tags: Adicionar Tag
Sem tags, seja o primeiro a adicionar uma tag!
Thư viện lưu trữ: Trung tâm Học liệu Trường Đại học Cần Thơ
LEADER 00939nam a2200229Ia 4500
001 CTU_132936
008 210402s9999 xx 000 0 und d
020 |c 268000 
082 |a 428.43 
082 |b B598/t 
100 |a Billings, Henry 
245 0 |a Adventures in reading : 
245 0 |b Intermediate 
245 0 |c Henry and Melissa Billings, Christy M. Newman ; contributing writer: Veronica McGowan 
260 |a Singapore 
260 |b McGraw-Hill 
260 |c 2005 
520 |a This Teacher's Edition to Adventures in Reading - Intermediate includes Vocabulary Cloze activities and Chapter Quizzes for each chapter. It also includes a complete answer key to the exercises found in the Adventures in Reading-Intermediate Student Book. 
650 |a English language,Ngôn ngữ tiếng Anh 
650 |x Reading,Đọc hiểu 
904 |i Trọng Hiếu 
980 |a Trung tâm Học liệu Trường Đại học Cần Thơ